Fit & well : (Record no. 4434)
[ view plain ]
| 000 -LEADER | |
|---|---|
| fixed length control field | 00682cam a2200193 a 4500 |
| 008 - FIXED-LENGTH DATA ELEMENTS--GENERAL INFORMATION | |
| fixed length control field | 091210s2011 nyua b 001 0 eng |
| 020 ## - INTERNATIONAL STANDARD BOOK NUMBER | |
| International Standard Book Number | 9780077349684 (softcover : alk. paper) |
| 050 00 - LIBRARY OF CONGRESS CALL NUMBER | |
| Classification number | GV 481 .F26 2011c |
| 100 1# - MAIN ENTRY--PERSONAL NAME | |
| Personal name | Fahey, Thomas D. |
| Dates associated with a name | 1947 |
| 245 10 - TITLE STATEMENT | |
| Title | Fit & well : |
| Remainder of title | core concepts and labs in physical fitness and wellness / |
| Statement of responsibility, etc. | Thomas D. Fahey, Paul M. Insel, Walton T. Roth..- |
| 250 ## - EDITION STATEMENT | |
| Edition statement | 9th ed.: |
| 260 ## - PUBLICATION, DISTRIBUTION, ETC. (IMPRINT) | |
| Place of publication, distribution, etc. | New York ; |
| Name of publisher, distributor, etc. | McGraw-Hill, |
| Date of publication, distribution, etc. | 2011. |
| 300 ## - PHYSICAL DESCRIPTION | |
| Extent | xix, 342, [49] p. :ill. |
| Other physical details | Includes bibliographical references and index. |
| 650 #0 - SUBJECT ADDED ENTRY--TOPICAL TERM | |
| Topical term or geographic name as entry element | Physical fitness. |
| 650 #0 - SUBJECT ADDED ENTRY--TOPICAL TERM | |
| Topical term or geographic name as entry element | Health. |
| 700 1# - ADDED ENTRY--PERSONAL NAME | |
| Personal name | Insel, Paul M. |
| 700 1# - ADDED ENTRY--PERSONAL NAME | |
| Personal name | Roth, Walton T. |
| 942 ## - ADDED ENTRY ELEMENTS (KOHA) | |
| Source of classification or shelving scheme | |
| Koha item type | Hard Covered Materials |
| Withdrawn status | Lost status | Source of classification or shelving scheme | Damaged status | Not for loan | Home library | Current library | Shelving location | Date acquired | Source of acquisition | Total Checkouts | Full call number | Barcode | Date last seen | Price effective from | Koha item type | Date last checked out |
|---|---|---|---|---|---|---|---|---|---|---|---|---|---|---|---|---|
| MACHAKOS UNIVERSITY LIBRARY | MACHAKOS UNIVERSITY LIBRARY | Technical section | 03/09/2015 | Donation (BFA) | GV 481.F26 2011 | 7981 | 23/07/2018 | 03/09/2015 | Hard Covered Materials | |||||||
| MACHAKOS UNIVERSITY LIBRARY | MACHAKOS UNIVERSITY LIBRARY | Technical section | 13/10/2015 | Donation(B.F.A) | GV 481.F26 2011 | 15048 | 23/07/2018 | 13/10/2015 | Hard Covered Materials | |||||||
| MACHAKOS UNIVERSITY LIBRARY | MACHAKOS UNIVERSITY LIBRARY | 19/10/2015 | Donation (B.F.A) | GV 481.F26 2011 | 16363 | 19/10/2015 | 19/10/2015 | Hard Covered Materials | ||||||||
| MACHAKOS UNIVERSITY LIBRARY | MACHAKOS UNIVERSITY LIBRARY | 20/11/2015 | Donation (B.F.A) | GV 481.F26 2011 | 18295 | 20/11/2015 | 20/11/2015 | Hard Covered Materials | ||||||||
| MACHAKOS UNIVERSITY LIBRARY | MACHAKOS UNIVERSITY LIBRARY | 24/11/2015 | Donation (B.F.A) | GV 481.F26 2011 | 18940 | 24/11/2015 | 24/11/2015 | Hard Covered Materials | ||||||||
| MACHAKOS UNIVERSITY LIBRARY | MACHAKOS UNIVERSITY LIBRARY | Technical section | 07/12/2015 | DONATION (BFA) | 2 | GV 481.F26 2011 | 18887 | 15/02/2020 | 07/12/2015 | Hard Covered Materials | 10/02/2020 |